000 00735nam a2200289Ia 4500
005 20260324130650.0
008 008 260324s9999 xx 000 0 eng d
020 _a9781315596297
037 _aEBOOK
040 _aCRL
040 _beng
040 _cCRL
041 _2eng
041 _aeng
084 _qCRL
100 _aJosé M. Anca Jr
_91182636
245 0 _aMultimodal Safety Management and Human Factors
245 0 _bCrossing the Borders of Medical, Aviation, Road and Rail Industries
260 _bTaylor and Francis
260 _c2007
365 _a
365 _b355
856 _uhttp://www.taylorfrancis.com/books/9781315596297
942 _cEBOOK
999 _c1779006
_d1779006